Field and laboratory methods for general ecology / (Registro nro. 512)

Detalles MARC
000 -LEADER
fixed length control field 00687nam a22002297a 4500
005 - DATE AND TIME OF LATEST TRANSACTION
control field 20251027100750.0
006 - FIXED-LENGTH DATA ELEMENTS--ADDITIONAL MATERIAL CHARACTERISTICS
fixed length control field a|||||r|||| 00| 0
007 - PHYSICAL DESCRIPTION FIXED FIELD--GENERAL INFORMATION
fixed length control field ta
008 - FIXED-LENGTH DATA ELEMENTS--GENERAL INFORMATION
fixed length control field 251027b1990 - ||||| |||| 00| 0 eng d
020 ## - INTERNATIONAL STANDARD BOOK NUMBER
International Standard Book Number 0697051455
040 ## - Fuente de catalogación
Agencia de catalogación original AR-EsCIE
100 1# - MAIN ENTRY--PERSONAL NAME
Personal name Brower, James E.
Dates associated with a name 1941-
9 (RLIN) 1075
245 10 - TITLE STATEMENT
Title Field and laboratory methods for general ecology /
Statement of responsibility, etc. James E. Brower, Jerrold H. Zar, Carl N. von Ende.
250 ## - EDITION STATEMENT
Edition statement 3rd ed.
260 ## - PUBLICATION, DISTRIBUTION, ETC.
Place of publication, distribution, etc. United States America,
Name of publisher, distributor, etc. Brown publishers,
Date of publication, distribution, etc. 1990.
300 ## - PHYSICAL DESCRIPTION
Extent 237 p.
Other physical details tbls.
650 #4 - SUBJECT ADDED ENTRY--TOPICAL TERM
Topical term or geographic name entry element ECOLOGIA
9 (RLIN) 334
700 1# - ADDED ENTRY--PERSONAL NAME
Personal name Zar, Jerrold H.,
Dates associated with a name 1941-
9 (RLIN) 1076
700 1# - ADDED ENTRY--PERSONAL NAME
Personal name Ende, Carl N. von
9 (RLIN) 1077
910 ## - Datos del catalogador
User-option data PG251027
942 ## - ADDED ENTRY ELEMENTS (KOHA)
Source of classification or shelving scheme Dewey Decimal Classification
Koha item type Books
Suppress in OPAC No
Existencias
Withdrawn status Lost status Source of classification or shelving scheme Damaged status Not for loan Home library Current library Date acquired Inventory number Total checkouts Full call number Date last seen Price effective from Koha item type
    Dewey Decimal Classification     CIEFAP CIEFAP 10/27/2025 00184   LB00169 10/27/2025 10/27/2025 Books